2016 Ballon d'Or - Statistics

General Stats
  • This quiz has been taken 31 times
  • The average score is 24 of 30
Answer Stats
Position National Team Club(s) Answer % Correct
1 Portugal Real Madrid Cristiano Ronaldo
100%
6 Wales Real Madrid Gareth Bale
100%
2 Argentina Barcelona Lionel Messi
100%
17= Croatia Real Madrid Luka Modrić
100%
16 Poland Bayern Munich Robert Lewandowski
100%
3 France Atlético Madrid Antoine Griezmann
96%
20= Belgium Manchester City Kevin De Bruyne
96%
4 Uruguay Barcelona Luis Suárez
96%
5 Brazil Barcelona Neymar
96%
13 Sweden Paris Saint-Germain / Manchester United Zlatan Ibrahimović
96%
8 England Leicester City Jamie Vardy
92%
17= Germany Real Madrid Toni Kroos
92%
14= France Juventus / Manchester United Paul Pogba
88%
7 Algeria Leicester City Riyad Mahrez
88%
17= France West Ham United Dimitri Payet
85%
9= Portugal Real Madrid Pepe
85%
11 Gabon Borussia Dortmund Pierre-Emerick Aubameyang
85%
9= Italy Juventus Gianluigi Buffon
81%
20= Argentina Juventus Paulo Dybala
77%
20= Argentina Manchester City Sergio Agüero
73%
20= Germany Bayern Munich Thomas Müller
73%
14= Chile Bayern Munich Artuto Vidal
69%
20= Spain Real Madrid Sergio Ramos
69%
20= Spain Barcelona Andrés Iniesta
65%
20= France Tottenham Hotspur Hugo Lloris
65%
20= Uruguay Atlético Madrid Diego Godín
58%
20= Germany Bayern Munich Manuel Neuer
58%
20= Argentina Napoli / Juventus Gonzalo Higuaín
54%
20= Spain Atlético Madrid Koke
54%
12 Portugal Sporting CP Rui Patrício
31%
No matching quizzes found
Score Distribution
Percent of People with Each Score
Percentile by Number Answered
Your Score History
You have not taken this quiz